Football Players Nationalities Map Quiz - Statistics

General Stats
  • This quiz has been taken 222 times
  • The average score is 31 of 50
Answers on the Map
Answers color-coded by a green-red scale on the quiz's map according to % correct below.
 
Answer Stats
Answer % Correct
Alphonso Davies
88%
Cristiano Ronaldo
86%
Erling Haaland
85%
Andriy Yarmolenko
79%
Arturo Vidal
77%
David Alaba
77%
Mohammed Salah
77%
Kim Min-Jae
75%
Robert Lewandowski
75%
Clarence Seedorf
73%
Diego Godín
73%
James Rodriguez
73%
Sergio Ramos
73%
Edin Džeko
72%
Giacomo Raspadori
72%
Riyad Mahrez
72%
Rasmus Højlund
71%
Ronaldo Nazario
69%
Juan Román Riquelme
68%
Teemu Pukki
68%
Simon Mignolet
66%
Kwang Song Han
65%
Landon Donovan
65%
Chris Wood
64%
Florian Thauvin
64%
Hugo Sanchez
63%
Igor Akinfeev
63%
Tomáš Souček
63%
Henrikh Mkhitaryan
62%
Khvicha Kvaratskhelia
62%
Wataru Endō
62%
George Weah
61%
Miguel Almiron
61%
Mehdi Taremi
59%
Anthony Elanga
57%
Eldor Shomurodov
57%
Pierre-Emerick Aubameyang
57%
Samuel Eto'o
57%
Matt Doherty
56%
David Raum
52%
Emmanuel Adebayor
50%
Thomas Partey
50%
Roman Saïss
48%
Victor Wanyama
45%
Silas Katompa Mvumpa
43%
Jackson Irvine
38%
Serhou Guirassy
38%
Yves Bissouma
37%
Sheraldo Becker
35%
Clinton Mata
32%
Gerrit Holtmann
23%
No matching quizzes found
Score Distribution
Percent of People with Each Score
Percentile by Number Answered
Your Score History
You have not taken this quiz